000 02175nam0a2200361 4500
001 RU\NLR\BIBL_A\012524679
005 20211117172442.0
010 _a978-5-00140-666-2
_92000
021 _aRU
_bКН-П-20-091005
_9КН-П-20-6909
035 _a(NLR Aleph) 012524679
035 _a(RuMoRGB)010546706
090 _a12339619
_c12339619
100 _a20210521d2020 k y0rusy50 ca
101 0 _arus
102 _aRU
105 _aac||z|||000yy
181 0 _ai
_baxxe
182 0 _an
200 1 _a"Во славу живших! В назидание живущим!"
_eматериалы ХII открытой краеведческой научно-практической конференции
_eсборник
_fКомитет по культуре и туризму, Муниципальное учреждение культуры "Раменский историко-художественный музей" (МУК "РИХМ")
203 _aТекст
_bвизуальный
_cнепосредственный
210 _aРаменское
_cМУК "Раменский историко-художественный музей"
_aСаратов
_cАмирит
_d2020
215 _a243 с.
_cил., портр., табл., факс.
_d21
320 _aБиблиогр. в конце ст. и в подстроч. примеч.
606 1 _aКраеведение историческое
_jСъезды, совещания и т.п
_yМосковская область
_92244839
_3RU\NLR\AUTH\661346801
686 1 _aТ3(2Р-4Мо)я431
711 1 2 _a"Во славу живших! В назидание живущим!", открытая краеведческая научно-практическая конференция
_d12
_eРаменское
_f2020
_9752788
_3RU\NLR\AUTH\880544125
712 0 2 _4570
_aРаменский муниципальный историко-художественный музей
_9686459
_3RU\NLR\AUTH\8810092585
942 _cBOOK
980 _aNBR
980 _aNB